Statistiques concernant Ligue 1

Cliquez ici pour prendre le quiz!

Statistiques générales

  • Ce quiz a été pris 433 fois
  • Le résultat moyen est 6 sur 14

Statistiques - réponses

HintRéponse% Correct
Tenant du titreParis SG
87%
Plus Gros AchatNeymar
81%
Plus TitrésAS Saint Etienne
79%
Nombre de Club20
77%
Plus Grosse VenteKylian Mbappé
69%
Naming ActuelConforama
35%
Futur NamingUber eats
30%
Ancien Nom (1972-2002)Division 1
28%
Organisateur (Depuis 1945)LFP
23%
Ancien Organisateur (1932-1939)FFF
22%
Entraineur avec le plus de matchGuy Roux
18%
Plus d'apparitionsMickaël Landreau
11%
Meilleur ButeursDelio Onnis
7%
Ancien Nom (1932-1972)Division Nationale
2%

Distribution des résultats

Percentile par nombre de réponses

% des personnes avec chaque résultat

Votre développement - résultats

Vous n’avez pas pris ce quiz